|
|
|
|
| LEADER |
00000nlm0a2200000 4500 |
| 001 |
637979 |
| 005 |
20231101134005.0 |
| 029 |
1 |
0 |
|a RU
|b 71444
|c Пат.
|d МПК G 01 R 21/133
|
| 035 |
|
|
|a (RuTPU)RU\TPU\network\2180
|
| 035 |
|
|
|a RU\TPU\network\2176
|
| 039 |
0 |
|
|a RU
|b 2007132329/22
|c 20070827
|
| 090 |
|
|
|a 637979
|
| 100 |
|
|
|a 20141118j20080310k y0rusy50 ca
|
| 101 |
0 |
|
|a rus
|
| 102 |
|
|
|a RU
|
| 105 |
|
|
|a a k 000zy
|
| 135 |
|
|
|a drcn ---uucaa
|
| 181 |
|
0 |
|a i
|
| 182 |
|
0 |
|a b
|
| 200 |
1 |
|
|a Устройство для определения мгновенных значений индуктивности намагничивания однофазного трансформатора
|e полезная модель
|f Е. И. Гольдштейн, А. В. Панкратов
|g Томский политехнический университет (ТПУ)
|
| 203 |
|
|
|a Текст
|c электронный
|
| 300 |
|
|
|a опубл. 10.03.08
|
| 330 |
|
|
|a Полезная модель относится к области электромеханики, а именно к применению средств обработки информации в электромеханике, и может быть использовано для определения мгновенных значений индуктивности намагничивания однофазного трансформатора в рабочем режиме или в режиме холостого хода.
|
| 610 |
1 |
|
|a патенты
|
| 610 |
1 |
|
|a труды учёных ТПУ
|
| 610 |
1 |
|
|a электронный ресурс
|
| 610 |
1 |
|
|a изобретения
|
| 610 |
1 |
|
|a полезные модели
|
| 610 |
1 |
|
|a мгновенные значения
|
| 610 |
1 |
|
|a индуктивность
|
| 610 |
1 |
|
|a намагничивание
|
| 610 |
1 |
|
|a однофазные трансформаторы
|
| 610 |
1 |
|
|a электромеханика
|
| 610 |
1 |
|
|a рабочие режимы
|
| 610 |
1 |
|
|a холостые ходы
|
| 700 |
|
1 |
|a Гольдштейн
|b Е. И.
|c специалист в области электроэнергетики
|c доцент Томского политехнического университета
|f 1929-
|g Ефрем Иосифович
|2 stltpush
|3 (RuTPU)RU\TPU\pers\25325
|
| 701 |
|
1 |
|a Панкратов
|b А. В.
|c специалист в области электроэнергетики
|c ассистент Томского политехнического университета, кандидат технических наук
|f 1983-
|g Алексей Владимирович
|2 stltpush
|3 (RuTPU)RU\TPU\pers\32916
|
| 712 |
0 |
2 |
|a Томский политехнический университет (ТПУ)
|c (1991-2009)
|2 stltpush
|3 (RuTPU)RU\TPU\col\376
|
| 801 |
|
1 |
|a RU
|b 63413507
|c 20120201
|
| 801 |
|
2 |
|a RU
|b 63413507
|c 20160607
|g RCR
|
| 856 |
4 |
|
|u http://www1.fips.ru/Archive/PAT/2008FULL/2008.03.10/DOC/RUNWU1/000/000/000/071/444/document.pdf
|
| 942 |
|
|
|c CF
|